History Quiz

Random History or Clickable Quiz
Score 0/20 Timer 05:00
2 Plays Today
Best Picture Winner US President % Correct
Amadeus???
74.4%
No Country for Old Men???
74%
Gone With the Wind???
73.9%
Braveheart???
72.6%
The Silence of the Lambs???
71.1%
Chicago???
66.2%
The Artist???
64.6%
The Hurt Locker???
63.3%
Kramer vs. Kramer???
63.1%
The English Patient???
62%
Best Picture Winner US President % Correct
Platoon???
61.8%
The Sting???
53.3%
The Deer Hunter???
51%
The Sound of Music???
48.1%
One Flew Over the Cuckoo's Nest???
42.3%
Gigi???
37.5%
All Quiet on the Western Front???
33.1%
Hamlet???
33.1%
Mutiny on the Bounty???
28.5%
Wings???
22.2%
Remove Ads.
Support Sporcle.
Get the best of Sporcle when you Go Orange. This ad-free experience offers more features, more stats, and more fun while also helping to support Sporcle. Thank you for becoming a member.

You're not logged in!

Compare scores with friends on all Sporcle quizzes.
OR
Log In

Show Comments

Extras

Top Quizzes Today


Score Distribution

Your Account Isn't Verified!

In order to create a playlist on Sporcle, you need to verify the email address you used during registration. Go to your Sporcle Settings to finish the process.

Report this User

Report this user for behavior that violates our Community Guidelines.

Details: